| 000 | 00773cam a2200181 a 4500 | ||
|---|---|---|---|
| 999 |
_c4967 _d4967 |
||
| 020 | _a0965047008 (alk. paper) | ||
| 050 | 0 | 0 |
_aGN645 _b.G94 |
| 100 | 1 | _aGyekye, Kwame. | |
| 245 | 1 | 0 |
_aAfrican cultural values : _ban introduction / _cKwame Gyekye. |
| 260 |
_aPhiladelphia, PA : _bSankofa Pub. Co., _cc1996. |
||
| 300 |
_axv, 194 p. ; _c22 cm. |
||
| 500 | _aIncludes index. | ||
| 505 | _aReligious values Humanity and brotherhood Communal and individualistic values Moral Values The Family Economic Values Chiefship and political value Knowledge and wisdom Human rights Ancestorship and traditional The place of traditional Afican | ||
| 650 | 0 | _aEthnology | |
| 650 | 0 | _aSocial values | |
| 650 | 0 |
_aAkan (African people) _xSocial life and customs. |
|
| 942 | _cBK | ||